000 00655nam a2200169 4500
999 _c80824
_d80824
008 210108b ||||| |||| 00| 0 eng d
040 _aDE-2950
_bger
_cDE-2950
_erda
041 _ager
100 _aGebauer, Armin:
245 _aNeue Häuser auf den ältesten Kellern von Frankfurt (Oder).
_cArmin Gebauer
651 _aFrankfurt (Oder)
773 _dFrankfurt (Oder): Stadt Frankfurt (Oder) und Büro für Stadtplanung, -forschung und -erneuerung
_g(2019), Nr. 27, Dezember, S. 11
_tZentrum: Zeitschrift für das Sanierungsgebiet ehemalige Altstadt Frankfurt (Oder)
942 _cA